| 000 | 00510nam a22001817a 4500 | ||
|---|---|---|---|
| 005 | 20251108175101.0 | ||
| 008 | 250721s2011 xx 000 0 ara d | ||
| 082 | 1 | 4 | _a158/مير |
| 100 | 1 | _aميرفى، براند | |
| 245 | 1 | 0 | _aكيف تطور قدرتك على تخطى المخاطر ؟؟ / |
| 264 |
_bدار الخلود للتراث، _c2011. |
||
| 300 | _a416ص. | ||
| 650 | 1 | 7 | _aعلم النفس |
| 650 | 1 | 7 | _aالنجاح |
| 650 | 1 | 7 | _aالمخاطر |
| 942 |
_2ddc _cBK |
||
| 999 |
_c125783 _d125783 |
||